McGraw-Hill Spanish / (Registro nro. 13013)

Detalles MARC
000 -LIDER
fixed length control field 00681nam a22002177a 4500
003 - IDENTIFICACDOR DE NÚMERO DE CONTROL
control field DO-SdBNP
005 - DATE AND TIME OF LATEST TRANSACTION
control field 20171205104945.0
008 - ELEMENTOS DE LONGITUD FIJA
fixed length control field 171122b 1989 ny a ||||| |||| 00| 0 spa d
020 ## - ISBN
International Standard Book Number 0070562644
040 ## - FUENTE DE CATALOGACIÓN
Agencia que crea de manera original el registro BPMSU
Idioma de catalogación spa
Agencia que realiza la transcripción BPMSU
092 ## - LOCALLY ASSIGNED DEWEY DECIMAL CALL NUMBER
Número de clasificación xxxx
Número de ítem (Cutter) xxxx
245 00 - MENCIÓN DE TITULO
Título McGraw-Hill Spanish /
Mención de responsabilidad Conrad J. Schmitt, Protase E. Woodford, Randall G. Marshall.
260 ## - PUBLICACIÓN, DISTRIBUCIÓN, ETC. (PIE DE IMPRENTA)
Lugar de publicación, distribución, etc New York :
Nombre del editor, distribuidor, etc. McGraw-Hill School Division,
Fecha de publicación, distribución, etc 1989.
300 ## - DESCRIPCIÓN FÍSICA
Extensión v. :
Otros detalles físicos il. ;
Dimensiones 24 cm.
505 0# - NOTA DE CONTENIDO
Texto normalizado de contenido Saludos --
700 1# - ASIENTO SECUNDARIO -- NOMBRE PERSONAL
Nombre personal Woodford, Protase E.
700 1# - ASIENTO SECUNDARIO -- NOMBRE PERSONAL
Nombre personal Marshall, Randall G.
942 ## - ADDED ENTRY ELEMENTS (KOHA)
Source of classification or shelving scheme Dewey Decimal Classification
Koha item type Libros
945 ## - INFORMACIÓN DE PROCESAMIENTO LOCAL
Información de procesamiento local inventariado extranjero / DG
956 ## - LOCAL ELECTRONIC LOCATION AND ACCESS (OCLC)
Nombre de host LOPEREZ
Número de acceso 10
Información de compresión 20171122
Procesador de solicitud 0041
Instrucción BPMSU
Existencias
Withdrawn status Lost status Source of classification or shelving scheme Damaged status Not for loan Collection code Home library Current library Date acquired Source of acquisition Total Checkouts Barcode Date last seen Price effective from Koha item type
    Dewey Decimal Classification     Colección General Biblioteca Pública Metropolitana Salomé Ureña Biblioteca Pública Metropolitana Salomé Ureña 11/22/2017 Donación   BPMSU17110327 11/22/2017 11/22/2017 Libros